| Tag |
First Indicator |
Second Indicator |
Subfields |
| LEADER |
00000cam a22000008a 4500 |
| 001 |
in00000530516 |
| 005 |
20151014050715.0 |
| 008 |
840223s1984 inu b s00110 eng |
| 010 |
|
|
|a 84047812
|
| 020 |
|
|
|a 025334249X
|
| 035 |
|
|
|a (OCoLC)10724556
|
| 035 |
|
|
|9 ACH9792AM
|
| 039 |
0 |
|
|a 2
|b 3
|c 3
|d 3
|e 3
|
| 040 |
|
|
|a DLC
|c DLC
|d TXA
|d UtOrBLW
|
| 049 |
|
|
|a TXAM
|c [937468]
|
| 050 |
0 |
0 |
|a HC60
|b .H868 1984
|
| 082 |
0 |
|
|a 338.91/09172/4
|2 19
|
| 100 |
1 |
|
|a Hunter, Shireen T.
|
| 245 |
1 |
0 |
|a OPEC and the Third World :
|b politics of aid /
|c Shireen Hunter.
|
| 263 |
|
|
|a 8412
|
| 264 |
|
1 |
|a Bloomington :
|b Indiana University Press,
|c [1984]
|
| 264 |
|
4 |
|c ©1984
|
| 300 |
|
|
|a xvi, 320 pages
|
| 336 |
|
|
|a text
|b txt
|2 rdacontent
|
| 337 |
|
|
|a unmediated
|b n
|2 rdamedia
|
| 338 |
|
|
|a volume
|b nc
|2 rdacarrier
|
| 500 |
|
|
|a Includes index.
|
| 504 |
|
|
|a Bibliography: pages 294-314.
|
| 610 |
2 |
0 |
|a Organization of Petroleum Exporting Countries.
|
| 650 |
|
0 |
|a Economic assistance
|x Political aspects.
|
| 651 |
|
0 |
|a Developing countries
|x Foreign economic relations.
|
| 740 |
0 |
|
|a O.P.E.C. and the Third World.
|
| 999 |
|
|
|a MARS
|
| 999 |
f |
f |
|s 3246d5e5-1d2d-3c35-be04-a8ee062d55ad
|i e4aac4b4-4c05-3a1c-8b39-9e4dfeea943a
|t 0
|
| 952 |
f |
f |
|p ric
|a Texas A&M University
|b Rellis Campus
|c Joint Library Facility
|d Remote Storage
|t 0
|e HC60 .H868 1984
|h Library of Congress classification
|i unmediated -- volume
|m A14808888506
|
| 998 |
f |
f |
|a HC60 .H868 1984
|t 0
|l Remote Storage
|